EU Countries That Are Monarchies - Statistics

General Stats
  • This quiz has been taken 37 times
  • The average score is 5 of 6
Answer Stats
Answer % Correct
Sweden
97%
Spain
94%
Denmark
91%
Luxembourg
88%
Belgium
81%
Netherlands
81%
No matching quizzes found
Score Distribution
Percent of People with Each Score
Percentile by Number Answered
Your Score History
You have not taken this quiz